| 000 | 00963nam a2200265Ia 4500 | ||
|---|---|---|---|
| 003 | OSt | ||
| 005 | 20221005111149.0 | ||
| 006 | a|||||r|||| 00| 0 | ||
| 007 | ta | ||
| 008 | 221004b |||||||| |||| 00| 0 hin d | ||
| 020 |
_a9789350723869 (hbk) _c450 |
||
| 024 | _a17425 | ||
| 037 |
_b516, 21/03/2015, Vani Prakashan _cTextual |
||
| 040 |
_aCRL _cCRL _bhin |
||
| 041 |
_2hin _ahin |
||
| 082 | _aO152,1I00x, Q4 | ||
| 100 |
_aश्यामसुन्दर दास, संपा. _9160075 |
||
| 245 | 0 | _aकबीर ग्रन्थावली | |
| 246 | _aKabīr granthāvalī | ||
| 260 |
_aनई दिल्ली _bवाणी प्रकाशन भारत _c2014 |
||
| 300 |
_a304पृ0 _ccm. |
||
| 650 | _aहिन्दी साहित्य | ||
| 942 |
_hO152,1I00x, Q4 _cTEXL _2cc |
||
| 999 |
_c1021007 _d1021007 |
||